000 00640nam a22002177a 4500
005 20251108172446.0
008 250721s2006 xx 000 0 ara d
082 1 4 _aط/793.73/سعد
100 1 _aسعد، بسام
245 1 0 _aللأذكياء فقط في الفنون و الرياضة /
264 1 _aبيروت :
_bدار صادر،
_c2006.
300 _a158ص
490 0 _aللأذكياء فقط
650 1 7 _aالأحاجي
650 1 7 _aالألغاز
650 1 7 _aالالعاب
650 1 7 _aالاساله والاجوبه
653 _aناشاون صغار (10-14)سنه
942 _2ddc
_cBK
999 _c79869
_d79869